00651naa#a2200169#i#4500001001600000005001700016011001400033100004100047102000700088200007200095210005200167215001000219608002700229675018300256700002100439856002100460EN\\bibl\12163720260516015817.6##a1998-6785##a20221221b2022####ek#y0engy0150####ca##aRU1#aXXIII Far Eastern exhibition-fair "Printing court"eJournal article1#aVladivostokcVladivostok State Universityd2022##a7 с.##aJournal article2local##aПолиграфическая промышленность. Полиграфические предприятия. Издательства. Книжная торговля. 655#1aKaramangVadim N4#avvgu.editorum.ru